{"text_format":"2","workbook":"xlsx","n_sheets":9,"sheets":["PFS","PFS_I Equipe (2)","PFS_II Desp Gerais - Serviços","PFS_III Desp Gerais - Forneci","PFS_IV Cronog Financ","PFS_V_ Det_ Custos Adm_","PFS_VII Det_ Enc_ Soc_","PFS_VIII Det_ Desp Fiscais","TÉCNICO AGRÍCOLA"],"not_rendered":{"charts":0,"images":4,"macros":0,"external_links":3,"defined_names":110,"comments":0,"pivot_tables":0},"unopened":[],"bounds":{"document_bytes":16777216,"sheet_cells":100000,"run_cost":"one","rows_first":2000,"rows_last":500,"rows_between":2000,"halvings":0,"cell_chars":16384,"cell_head_chars":4096},"cells_cut":0,"cells_raw":0,"read":"whole","date_system":"1900"}

{"sheet":"PFS","index":0,"n_rows":42,"n_cols":15,"rows_kept":42,"cut":false,"hidden":false,"merged":[[3,0,4,12],[3,13,3,14],[4,13,4,14],[5,0,5,14],[11,0,11,14],[7,0,7,5],[7,6,7,13],[8,0,8,5],[8,6,8,13],[9,0,9,14],[10,0,10,12],[10,13,10,14],[12,0,12,12],[12,13,12,14],[13,0,13,12],[13,13,13,14],[19,0,19,12],[19,13,19,14],[25,13,25,14],[14,0,14,12],[14,13,14,14],[22,13,22,14],[20,0,20,12],[20,13,20,14],[21,0,21,12],[21,13,21,14],[15,0,15,12],[15,13,15,14],[22,0,22,12],[16,0,16,12],[16,13,16,14],[17,0,17,12],[17,13,17,14],[18,0,18,14],[32,0,32,12],[32,13,32,14],[33,0,33,12],[33,13,33,14],[28,0,28,12],[41,0,41,14],[40,0,40,14],[24,0,24,12],[24,13,24,14],[28,13,28,14],[27,13,27,14],[25,0,25,12],[27,0,27,12],[26,13,26,14],[26,0,26,12],[39,0,39,14],[29,0,29,12],[29,13,29,14],[30,0,30,8],[30,9,30,14],[31,0,31,8]]}
[]
[]
[]
["PROPOSTA FINANCEIRA DE SERVIÇOS - CORRIGIDA",{"$nulls":12},"CODIGO:"]
[{"$nulls":13},"PFS"]
["NOME DA CONSULTORA:"]
[]
["PERÍMETRO(S):",{"$nulls":5},"OBJETO:",{"$nulls":7},"EDITAL:"]
[]
["SERVIÇOS PAGOS A PREÇO GLOBAL"]
["CUSTOS DIRETOS",{"$nulls":12},{"$f":"N13+N16+N23","v":230447.03}]
["MÃO-DE-OBRA"]
["A - TOTAL DE SALÁRIO DA EQUIPE ",{"$nulls":12},{"$f":"SUM(N14)","v":116868.48}]
["A1 - TOTAL SALÁRIOS DA EQUIPE COM VÍNCULO (PFS-I)",{"$nulls":12},{"$f":"'PFS_I Equipe (2)'!E22","v":116868.48}]
[]
["B - TOTAL DE ENCARGOS SOCIAIS",{"$nulls":12},{"$f":"SUM(N17)","v":83128.55}]
["B1 -  71,13% INCIDENTE SOBRE O ITEM  A1 (PFS_VII)",{"$nulls":12},{"$f":"'PFS_I Equipe (2)'!G22","v":83128.55}]
[]
["OUTRAS DESPESAS"]
["C - DESPESAS ",{"$nulls":12},0]
["D - DESPESAS GERAIS - FORNECIMENTOS (PFS-III)",{"$nulls":12},{"$f":"ROUND(('PFS_III Desp Gerais - Forneci'!I24),2)","v":1675.44}]
["E - DESPESAS GERAIS - SERVIÇOS (PFS-II)",{"$nulls":12},{"$f":"ROUND(('PFS_II Desp Gerais - Serviços'!I19),2)","v":28774.560000000001}]
["TOTAL DE OUTRAS DESPESAS",{"$nulls":12},{"$f":"SUM(N20:O22)","v":30450}]
[]
["CUSTOS INDIRETOS, LUCRO E TRIBUTOS - CILT",{"$nulls":12},{"$f":"SUM(N26:N29)","v":87877.75}]
["F -  CUSTO DE ADMINISTRAÇÃO (INDIRETOS) - (10,00% DOS ITENS A+B+C+D+E) - (PFS-V)",{"$nulls":12},{"$f":"'PFS_V_ Det_ Custos Adm_'!G37","v":23044.7}]
["G - REMUNERAÇÃO DA EMPRESA (LUCRO) - (10,00% DOS ITENS A+B+C+D+E+F)",{"$nulls":12},{"$f":"ROUND(((N11+N26)*0.1),2)","v":25349.17}]
["H - DESPESAS FISCAIS (TRIBUTOS) - (14,16% = DF' DOS ITENS A+B+C+D+E+F+G) - (PFS VIII)",{"$nulls":12},{"$f":"'PFS_VIII Det_ Desp Fiscais'!H39","v":39483.880000000005}]
[]
["TOTAL DA PROPOSTA",{"$nulls":12},{"$f":"ROUND((N11+N25),2)","v":318324.78000000003}]
["NOME DO INFORMANTE:",{"$nulls":8},"QUALIFICAÇÃO:"]
[{"$nulls":13},"  "]
["ASSINATURA:",{"$nulls":12},"DATA:"]
[]
["OBSERVAÇÃO:"]
["ESTE ORÇAMENTO FOI CALCULADO COM OS SEGUINTES % MÁXIMOS DE ENCARGOS SOCIAIS E CUSTOS INDIRETOS: "]
["1. ENCARGOS SOCIAIS DA EQUIPE COM VÍNCULO = 71,87% SOBRE O SALÁRIO MENSAL"]
["2. REMUNERAÇÃO DA EMPRESA (LUCRO) = 10% SOBRE OS ITENS DE CUSTOS DIRETOS + CUSTO DE ADMINISTRAÇÃO"]
["3. DF' - SERVIÇOS e FORNECIMENTO = A SOMA DOS TRIBUTOS: ISS (5,00%) + PIS (1,32%) + COFINS (6,08%) = 12,40%. PA-"]
[" RA O VALOR MÁXIMO DE 12,40%, O VALOR A SER APLICADO NA COMPOSIÇÃO DOS PREÇOS É SERÁ 14,16%"]
["4. CUSTO DE ADMINISTRAÇÃO = 10% "]
["5. NÃO foram incluídos os tributos IRPJ e CSLL, em cumprimento ao Acórdão nº 325/2007 – TCU – Plenário."]

{"sheet":"PFS_I Equipe (2)","index":1,"n_rows":38,"n_cols":18,"rows_kept":38,"cut":false,"hidden":false,"merged":[[2,0,3,7],[4,0,4,7],[6,3,6,7],[7,3,7,7]]}
[]
[]
["SALÁRIOS E ENCARGOS DA EQUIPE",{"$nulls":7},"CODIGO:"]
[{"$nulls":8},"PFS-I"]
["NOME DA CONSULTORA:"]
[]
["PERÍMETRO(S):",null,null,"OBJETO:",{"$nulls":4},"EDITAL:"]
[]
["CATEGORIA FUNCIONAL","SÍMBOLO","TOTAL DE\nHOMENS X\nMÊS","REMUNERAÇÃO\nMENSAL\n(R$)*","TOTAL CUSTO\nSALÁRIOS DE\nB1","TOTAL CUSTO\nSALÁRIOS DE\nB2","TOTAL\nCUSTO ENC.\nSOCIAIS DE\nB1","TOTAL\nCUSTO ENC.\nSOCIAIS DE\nB2","TAXA DE\nENCARGOS\nSOCIAIS\n%"]
[]
[]
["TECNICO DE CAMPO / AGRÍCOLA",null,4,{"$f":"'TÉCNICO AGRÍCOLA'!F34","v":2434.7600000000002},{"$f":"ROUND((C12*D12*12),2)","v":116868.48},null,{"$f":"ROUND(('TÉCNICO AGRÍCOLA'!G106*12*C12),2)","v":83128.55},"-",{"$f":"G12/E12","v":0.71130000150596639},null,{"$f":"C12/12","v":0.33333333333333331},null,{"$f":"8.5*545","v":4632.5},null,{"$f":"G12/E12","v":0.71130000150596639}]
[{"$nulls":10},{"$f":"C13/12","v":0}]
[{"$nulls":10},{"$f":"C14/12","v":0}]
[]
[{"$nulls":10},{"$f":"C16/12","v":0}]
[{"$nulls":10},{"$f":"C17/12","v":0}]
[{"$nulls":10},6]
[]
[{"$nulls":15},"Salários + Engcrgos Sociais",null,{"$f":"E22+G22","v":199997.03}]
[]
["TOTAIS",null,{"$f":"SUM(C10:C21)","v":4},null,{"$f":"SUM(E10:E21)","v":116868.48},null,{"$f":"ROUND(SUM(G10:G21),2)","v":83128.55},0,null,null,null,{"$f":"E22+G22","v":199997.03},null,null,null,"Despesas Administrativas",0.1,{"$f":"ROUND((Q22*(E22+G22)),4)","v":19999.703000000001}]
["NOME DO INFORMANTE:",{"$nulls":5},"QUALIFICAÇÃO:"]
[{"$nulls":15},"Lucro",0.1,{"$f":"ROUND((Q24*(E22+G22+R22)),4)","v":21999.673299999999}]
["ASSINATURA:",{"$nulls":6},"DATA:"]
[{"$nulls":15},"Tributos",0.1416,{"$f":"ROUND((Q26*(E22+G22+R22+R24)),4)","v":34266.691099999996}]
["LEGENDA:"]
[{"$nulls":17},{"$f":"ROUND((SUM(R20:R26)),4)","v":276263.09740000003}]
[]
["OBSERVAÇÃO:"]
[]
[]
[]
[{"$nulls":15},"ENCARGOS COMPLEMENTARES - SERVIÇOS com CITL:",null,{"$f":"'PFS_II Desp Gerais - Serviços'!Q25","v":39747.335612160001}]
[]
[{"$nulls":15},"ENCARGOS COMPLEMENTARES - Fornecimentos com CITL:",null,{"$f":"'PFS_III Desp Gerais - Forneci'!S24","v":2314.34558784}]
[]
[{"$nulls":17},{"$f":"ROUND((SUM(R28:R37)),4)","v":318324.77860000002}]

{"sheet":"PFS_II Desp Gerais - Serviços","index":2,"n_rows":25,"n_cols":17,"rows_kept":25,"cut":false,"hidden":false,"merged":[[17,1,17,4],[13,11,13,14],[15,0,15,7],[16,1,16,4],[11,11,11,14],[12,11,12,14],[1,0,2,7],[6,3,6,7],[7,0,8,0],[7,1,8,4],[7,5,8,5],[7,6,8,6],[7,7,7,8],[21,6,21,8],[22,6,22,8],[18,1,18,7],[12,1,12,4],[13,1,13,4],[9,1,9,8],[10,1,10,4],[11,1,11,4],[14,1,14,4],[15,10,15,17]]}
[]
["DESPESAS GERAIS ",{"$nulls":7},"CODIGO:"]
[{"$nulls":8},"PFS-II"]
["NOME DA CONSULTORA:"]
[]
["PERÍMETRO(S):",null,null,"OBJETO:",{"$nulls":4},"EDITAL:"]
[]
["ITEM","DISCRIMINAÇÃO",null,null,null,"UNID.","QUANT.","CUSTOS (R$)"]
[{"$nulls":7},"UNITÁRIO","TOTAL"]
[1,"ENCARGOS COMPLEMENTARES - SERVIÇOS"]
["1.1","Auxílio alimentação",null,null,null,"und",4,{"$f":"ROUND(('TÉCNICO AGRÍCOLA'!F39*12),2)","v":4212.96},{"$f":"ROUND((G11*H11),2)","v":16851.84}]
["1.2","Seguro de vida, invalidez e funeral ",null,null,null,"und",4,{"$f":"ROUND(('TÉCNICO AGRÍCOLA'!F42*12),2)","v":133.56},{"$f":"ROUND((G12*H12),2)","v":534.24}]
["1.3","Exames ",null,null,null,"und",4,{"$f":"ROUND(('TÉCNICO AGRÍCOLA'!F43*12),2)","v":1244.4000000000001},{"$f":"ROUND((G13*H13),2)","v":4977.6000000000004}]
["1.4","Vale transporte",null,null,null,"uni",4,{"$f":"ROUND(('TÉCNICO AGRÍCOLA'!F38*12),2)","v":1602.72},{"$f":"ROUND((G14*H14),2)","v":6410.88}]
[]
["Total das despesas com encargos complementares",{"$nulls":7},{"$f":"SUM(I11:I15)","v":28774.560000000001}]
[]
[{"$nulls":14},"Despesas Administrativas",0.1,{"$f":"P18*I16","v":2877.4560000000001}]
[null,"TOTAL  DE DESPESAS GERAIS",{"$nulls":6},{"$f":"I16","v":28774.560000000001}]
["NOME DO INFORMANTE:",{"$nulls":5},"QUALIFICAÇÃO:",{"$nulls":7},"Lucro",0.1,{"$f":"P20*(I16+Q18)","v":3165.2016000000003}]
[]
["ASSINATURA:",{"$nulls":5},"DATA:",{"$nulls":7},"Tributos",0.1416,{"$f":"P22*(I16+Q18+Q20)","v":4930.1180121600009}]
[]
["OBSERVAÇÃO:",{"$nulls":15},{"$f":"SUM(Q17:Q22)","v":10972.775612160001}]
[{"$nulls":16},{"$f":"Q24+I19","v":39747.335612160001}]

{"sheet":"PFS_III Desp Gerais - Forneci","index":3,"n_rows":29,"n_cols":19,"rows_kept":29,"cut":false,"hidden":false,"merged":[[0,0,0,8],[1,0,1,8],[2,0,3,7],[7,3,7,7],[8,0,9,0],[9,18,9,19],[8,1,9,4],[8,5,9,5],[8,6,9,6],[8,7,8,8],[9,14,9,17],[27,6,27,8],[10,11,10,18],[23,1,23,7],[26,6,26,8],[11,1,11,4],[12,1,12,4],[14,1,14,4],[10,1,10,8],[13,11,13,14],[13,1,13,4]]}
[]
[]
["DESPESAS GERAIS ",{"$nulls":7},"CODIGO:"]
[{"$nulls":8},"PFS-III"]
["NOME DA CONSULTORA:"]
[]
["PERÍMETRO(S):",null,null,"OBJETO:",{"$nulls":4},"EDITAL:"]
[]
["ITEM","DISCRIMINAÇÃO",null,null,null,"UNID.","QUANT.","CUSTOS (R$)"]
[{"$nulls":7},"UNITÁRIO","TOTAL"]
[1,"ENCARGOS COMPLEMENTARES - FORNECIMENTO"]
["1.1","Bota (SINAPI 36145) (2 pares por ano)",null,null,null,"und",4,{"$f":"ROUND(('TÉCNICO AGRÍCOLA'!F49*12),2)","v":51.84},{"$f":"ROUND((G12*H12),2)","v":207.36}]
["1.2","Fardamento (00941/ORSE) (3 kits por ano)",null,null,null,"und",4,{"$f":"ROUND(('TÉCNICO AGRÍCOLA'!F50*12),2)","v":214.02},{"$f":"ROUND((G13*H13),2)","v":856.08}]
["1.3","Creme de proteção solar FPS 30 (3 unidades/ano/empregado)",null,null,null,"und",4,{"$f":"ROUND(('TÉCNICO AGRÍCOLA'!F51*12),2)","v":153},{"$f":"ROUND((G14*H14),2)","v":612}]
[]
["Total das despesas com encargos complementares",{"$nulls":7},{"$f":"SUM(I12:I15)","v":1675.44}]
[{"$nulls":16},"Despesas Administrativas",0.1,{"$f":"R17*I16","v":167.54400000000001}]
[]
[{"$nulls":16},"Lucro",0.1,{"$f":"R19*(I16+S17)","v":184.29840000000002}]
[]
[{"$nulls":16},"Tributos",0.1416,{"$f":"R21*(I16+S17+S19)","v":287.06318784000001}]
[]
[{"$nulls":18},{"$f":"SUM(S16:S21)","v":638.90558783999995}]
[null,"TOTAL  DE DESPESAS GERAIS",{"$nulls":6},{"$f":"I16","v":1675.44},{"$nulls":9},{"$f":"S23+I24","v":2314.34558784}]
["NOME DO INFORMANTE:",{"$nulls":5},"QUALIFICAÇÃO:"]
[]
["ASSINATURA:",{"$nulls":5},"DATA:"]
[]
["OBSERVAÇÃO:"]

{"sheet":"PFS_IV Cronog Financ","index":4,"n_rows":40,"n_cols":8,"rows_kept":40,"cut":false,"hidden":false,"merged":[[8,2,8,4],[8,6,8,7],[2,0,3,6],[4,0,4,7],[5,0,5,7],[7,0,7,1],[7,2,7,6],[38,0,38,4],[38,5,38,7],[34,0,34,5],[35,3,35,7],[36,0,36,2],[36,3,36,7],[37,0,37,4],[37,5,37,7]]}
[]
[]
["CRONOGRAMA FINANCEIRO",{"$nulls":6},"CODIGO:"]
[{"$nulls":7},"PFS-IV"]
["NOME DA CONSULTORA:"]
["      "]
["PERÍMETRO(S):",null,"OBJETO:",{"$nulls":4},"EDITAL:"]
[]
["Nº","TAREFA","RELATÓRIO/SERVIÇO DE CAMPO",null,null,"MESES\nCORRIDOS","VALOR DA PARCELA (R$)"]
[1,null,"Relatório mensal 01",null,null,1,{"$error":"#REF!"},{"$f":"PFS!$N$30/12","v":26527.065000000002}]
[2,null,"Relatório mensal 02",null,null,2,{"$error":"#REF!"},{"$f":"PFS!$N$30/12","v":26527.065000000002}]
[3,null,"Relatório mensal 03",null,null,3,{"$error":"#REF!"},{"$f":"PFS!$N$30/12","v":26527.065000000002}]
[4,null,"Relatório mensal 04",null,null,4,{"$error":"#REF!"},{"$f":"PFS!$N$30/12","v":26527.065000000002}]
[5,null,"Relatório mensal 05",null,null,5,{"$error":"#REF!"},{"$f":"PFS!$N$30/12","v":26527.065000000002}]
[6,null,"Relatório mensal 06",null,null,6,{"$error":"#REF!"},{"$f":"PFS!$N$30/12","v":26527.065000000002}]
[7,null,"Relatório mensal 07",null,null,7,{"$error":"#REF!"},{"$f":"PFS!$N$30/12","v":26527.065000000002}]
[8,null,"Relatório mensal 08",null,null,8,{"$error":"#REF!"},{"$f":"PFS!$N$30/12","v":26527.065000000002}]
[9,null,"Relatório mensal 09",null,null,9,{"$error":"#REF!"},{"$f":"PFS!$N$30/12","v":26527.065000000002}]
[10,null,"Relatório mensal 10",null,null,10,{"$error":"#REF!"},{"$f":"PFS!$N$30/12","v":26527.065000000002}]
[11,null,"Relatório mensal 11",null,null,11,{"$error":"#REF!"},{"$f":"PFS!$N$30/12","v":26527.065000000002}]
[12,null,"Relatório mensal 12",null,null,12,null,{"$f":"PFS!$N$30/12","v":26527.065000000002}]
[13]
[14]
[15]
[16]
[17]
[18]
[19]
[20]
[21]
[22]
[23]
[24]
[]
["TOTAL DA FOLHA",{"$nulls":5},{"$error":"#REF!"},{"$f":"SUM(H10:H34)","v":318324.78000000003}]
["NOME DO INFORMANTE:",null,null,"QUALIFICAÇÃO:"]
[]
["ASSINATURA:",{"$nulls":4},"DATA:"]
[]
["OBSERVAÇÃO:"]

{"sheet":"PFS_V_ Det_ Custos Adm_","index":5,"n_rows":41,"n_cols":7,"rows_kept":41,"cut":false,"hidden":false,"merged":[[2,0,3,5],[4,0,4,6],[8,0,9,4],[8,5,8,6],[41,0,41,6],[43,0,43,6],[10,1,10,4],[11,1,11,4],[36,1,36,4],[40,0,40,6],[12,1,12,4],[42,0,42,6]]}
[]
[]
["DETALHAMENTO DO CUSTO DE ADMINISTRAÇÃO",{"$nulls":5},"CODIGO:"]
[{"$nulls":6},"PFS-V"]
["NOME DA CONSULTORA:"]
[]
["PERÍMETRO(S):",null,"OBJETO:",null,null,null,"EDITAL:"]
["Jacaré - Curituba",null,"Serviço de Assistência e Extensão Rural (ATER)"]
["DISCRIMINAÇÃO",{"$nulls":4},"VALORES"]
[{"$nulls":5},"%","R$"]
[1,"Custos da equipe de Apoio a Produção                                                                                                                   (PFS-I - Salários R$ 116.868,48 + Encargos R$ 83.128,55)",null,null,null,0.1,{"$f":"ROUND((0.1* ('PFS_I Equipe (2)'!E22+'PFS_I Equipe (2)'!G22)),2)","v":19999.7}]
[2,"Despesas Gerais - Serviços                                                                                                           (PFS-II Locação, Consultoria, Enc. Complementares  R$ 28.774,56)",null,null,null,0.1,{"$f":"ROUND(('PFS_II Desp Gerais - Serviços'!I19*0.1),2)","v":2877.46}]
[3,"Despesas Gerais - Fornecimentos                                                                                                      (PFS-III Fornecimentos e Enc. Complementares. R$ 1.675,44)",null,null,null,0.1,{"$f":"ROUND(('PFS_III Desp Gerais - Forneci'!I24*0.1),2)","v":167.54}]
{"$rows_empty":23}
[null,"TOTAIS DO CUSTO DE ADMINISTRAÇÃO",null,null,null,0.1,{"$f":"ROUND((SUM(G11:G36)),2)","v":23044.7}]
[]
["NOME DO INFORMANTE:",null,null,"QUALIFICAÇÃO:"]
["ASSINATURA:",{"$nulls":4},"DATA:"]
["OBSERVAÇAO:"]

{"sheet":"PFS_VII Det_ Enc_ Soc_","index":6,"n_rows":47,"n_cols":7,"rows_kept":47,"cut":false,"hidden":false,"merged":[[0,0,0,6],[32,1,32,4],[33,1,33,4],[9,1,9,4],[18,0,18,4],[30,1,30,4],[31,1,31,4],[22,1,22,4],[28,0,28,4],[29,1,29,6],[20,1,20,4],[27,1,27,4],[1,0,2,5],[3,0,3,6],[7,0,8,4],[7,5,7,6],[19,0,19,5],[24,1,24,4],[25,1,25,4],[21,1,21,4],[23,1,23,4],[26,1,26,4],[40,1,40,4],[41,0,41,4],[43,0,43,4],[34,1,34,4],[35,1,35,4],[36,0,36,4],[37,0,37,6],[39,1,39,4],[38,1,38,4]]}
[]
["DETALHAMENTO DOS ENCARGOS SOCIAIS",{"$nulls":5},"CODIGO:"]
[{"$nulls":6},"PFS-VII"]
["NOME DA CONSULTORA:"]
[]
["PERÍMETRO(S):",null,"OBJETO:",null,null,null,"EDITAL:"]
[]
["DISCRIMINAÇÃO",{"$nulls":4},"VALORES"]
[{"$nulls":5},"%","R$"]
["A","ENCARGOS SOCIAIS BÁSICOS"]
["A1","INSS",null,null,null,0.2,{"$f":"ROUND(('PFS_I Equipe (2)'!$E$22*F11),2)","v":23373.7}]
["A2","FGTS",null,null,null,0.08,{"$f":"ROUND(('PFS_I Equipe (2)'!$E$22*F12),2)","v":9349.48}]
["A3","Incra",null,null,null,2E-3,{"$f":"ROUND(('PFS_I Equipe (2)'!$E$22*F13),2)","v":233.74}]
["A4","Salário Educação ",null,null,null,2.5000000000000001E-2,{"$f":"ROUND(('PFS_I Equipe (2)'!$E$22*F14),2)","v":2921.71}]
["A5","Sebrae",null,null,null,6.0000000000000001E-3,{"$f":"ROUND(('PFS_I Equipe (2)'!$E$22*F15),2)","v":701.21}]
["A6","Seguro contra acidente",null,null,null,0.03,{"$f":"ROUND(('PFS_I Equipe (2)'!$E$22*F16),2)","v":3506.05}]
["A7","Senai",null,null,null,0.01,{"$f":"ROUND(('PFS_I Equipe (2)'!$E$22*F17),2)","v":1168.68}]
["A8","Sesi",null,null,null,1.4999999999999999E-2,{"$f":"ROUND(('PFS_I Equipe (2)'!$E$22*F18),2)","v":1753.03}]
["SUBTOTAL DE \"A\"",{"$nulls":4},0.36799999999999999,{"$f":"ROUND(SUM(G11:G18),2)","v":43007.6}]
[]
["B"," ENCARGOS SOCIAIS QUE RECEBEM INCIDÊNCIA DE \"A\""]
["B1","13º Salário  ",null,null,null,8.3299999999999999E-2,{"$f":"ROUND(('PFS_I Equipe (2)'!$E$22*F22),2)","v":9735.14}]
["B2","Férias gozadas",null,null,null,9.8199999999999996E-2,{"$f":"ROUND(('PFS_I Equipe (2)'!$E$22*F23),2)","v":11476.48}]
["B3","Auxílio enfermidade",null,null,null,6.8999999999999999E-3,{"$f":"ROUND(('PFS_I Equipe (2)'!$E$22*F24),2)","v":806.39}]
["B4","Licença paternidade",null,null,null,5.9999999999999995E-4,{"$f":"ROUND(('PFS_I Equipe (2)'!$E$22*F25),2)","v":70.12}]
["B5","Faltas justificadas",null,null,null,5.5999999999999999E-3,{"$f":"ROUND(('PFS_I Equipe (2)'!$E$22*F26),2)","v":654.46}]
["B6","Auxílio acidente de trabalho",null,null,null,8.9999999999999998E-4,{"$f":"ROUND(('PFS_I Equipe (2)'!$E$22*F27),2)","v":105.18}]
["B7","Salário maternidade",null,null,null,2.9999999999999997E-4,{"$f":"ROUND(('PFS_I Equipe (2)'!$E$22*F28),2)","v":35.06}]
["SUBTOTAL DE  \"B\"",{"$nulls":4},{"$f":"SUM(F22:F28)","v":0.19579999999999997},{"$f":"ROUND(SUM(G22:G28),2)","v":22882.83}]
[]
["C"," ENCARGOS SOCIAIS QUE NÃO RECEBEM INCIDÊNCIA DE \"A\""]
["C1","Aviso prévio indenizado ",null,null,null,2.9899999999999999E-2,{"$f":"ROUND(('PFS_I Equipe (2)'!$E$22*F32),2)","v":3494.37}]
["C2","Aviso prévio trabalhado ",null,null,null,6.9999999999999999E-4,{"$f":"ROUND(('PFS_I Equipe (2)'!$E$22*F33),2)","v":81.81}]
["C3","Férias indenizadas",null,null,null,1.01E-2,{"$f":"ROUND(('PFS_I Equipe (2)'!$E$22*F34),2)","v":1180.3699999999999}]
["C4","Depósito rescisão sem justa causa",null,null,null,2.9600000000000001E-2,{"$f":"ROUND(('PFS_I Equipe (2)'!$E$22*F35),2)","v":3459.31}]
["C5","Indenização adicional",null,null,null,2.5000000000000001E-3,{"$f":"ROUND(('PFS_I Equipe (2)'!$E$22*F36),2)","v":292.17}]
["SUBTOTAL DE \"C\"",{"$nulls":4},{"$f":"SUM(F32:F36)","v":7.2800000000000004E-2},{"$f":"ROUND(SUM(G32:G36),2)","v":8508.0300000000007}]
[]
["D"," REINCIDÊNCIAS"]
["D1","Reincidência de \"A\" sobre \"B\"",null,null,null,7.2099999999999997E-2,{"$f":"ROUND(('PFS_I Equipe (2)'!$E$22*F40),2)","v":8426.2199999999993}]
["D2","Reincidência do FGTS sobre aviso prévio",null,null,null,2.5999999999999999E-3,{"$f":"ROUND(('PFS_I Equipe (2)'!$E$22*F41),2)+0.01","v":303.87}]
["SUBTOTAL DE \"D\"",{"$nulls":4},{"$f":"SUM(F40:F41)","v":7.4700000000000003E-2},{"$f":"ROUND(SUM(G40:G41),2)","v":8730.09}]
[]
["TOTAIS DE ENCARGOS SOCIAIS",{"$nulls":4},{"$f":"F42+F37+F29+F19","v":0.71130000000000004},{"$f":"ROUND((G19+G29+G37+G42),2)","v":83128.55}]
["NOME DO INFORMANTE:",null,null,"QUALIFICAÇÃO:"]
["ASSINATURA:",{"$nulls":4},"DATA:"]
["Observação:"]

{"sheet":"PFS_VIII Det_ Desp Fiscais","index":7,"n_rows":50,"n_cols":10,"rows_kept":50,"cut":false,"hidden":false,"merged":[[44,0,44,7],[49,0,49,7],[32,0,32,4],[33,0,33,4],[34,0,34,4],[35,0,35,4],[36,0,36,4],[37,0,37,4],[29,0,29,4],[30,0,30,4],[31,0,31,4],[38,0,38,4],[43,0,43,7],[24,0,24,4],[25,0,25,4],[26,0,26,4],[27,0,27,4],[28,0,28,4],[11,0,11,4],[12,0,12,4],[13,0,13,4],[14,0,14,4],[23,0,23,4],[2,0,3,6],[4,0,4,7],[8,0,9,4],[8,5,8,7],[10,0,10,4],[7,2,7,6]]}
[]
[]
["DETALHAMENTO DE DESPESAS FISCAIS",{"$nulls":6},"CODIGO:"]
[{"$nulls":7},"PFS-VIII"]
["NOME DA CONSULTORA:"]
[]
["PERÍMETRO(S):",null,"OBJETO:",{"$nulls":4},"EDITAL:"]
[]
["DISCRIMINAÇÃO",{"$nulls":4},"VALORES"]
[{"$nulls":5},"DF %","DF' %","R$"]
["Em PFS (sobre Custos Diretos + Custos de Administração + Lucro)",{"$nulls":8},{"$f":"ROUND(100*(H12/PFS!N30),2)","v":5}]
["1 - ISS",{"$nulls":4},5,5.71,{"$f":"ROUND(((G12/100)*(PFS!N11+PFS!N26+PFS!N27)),2)","v":15921.82},null,{"$f":"ROUND(100*(H13/PFS!N30),2)","v":1.32}]
["2 - PIS (1,32% = 1,65% x 80%)",{"$nulls":4},1.32,1.51,{"$f":"ROUND(((G13/100)*(PFS!N11+PFS!N26+PFS!N27)),2)","v":4210.5},null,{"$f":"ROUND(100*(H14/PFS!N30),2)","v":6.08}]
["3 - COFINS (6,08% = 7,6% x 80%)",{"$nulls":4},6.08,6.94,{"$f":"ROUND(((G14/100)*(PFS!N11+PFS!N26+PFS!N27)),2)","v":19351.560000000001},null,{"$f":"SUM(J11:J13)","v":12.4}]
[{"$nulls":9},{"$f":"SUM(H12:H14)","v":39483.880000000005}]
{"$rows_empty":23}
["TOTAIS DE DESPESAS FISCAIS ",{"$nulls":4},{"$f":"ROUND((SUM(F11:F38)),2)","v":12.4},{"$f":"ROUND(((1/(1-F39/100))-1)*100,2)","v":14.16},{"$f":"SUM(H12:H38)","v":39483.880000000005}]
["NOME DO INFORMANTE:",null,null,"QUALIFICAÇÃO:"]
[]
["ASSINATURA:",{"$nulls":4},"DATA:"]
[]
["Observação 1:"]
["As despesas fiscais - serviços e fornecimentos  (DF) incidem sobre o total da fatura e não sobre os custos incorridos. Portanto aplicar a seguinte fórmula:"]
[" DF' = { [ 1 / ( 1 - DF ) ] - 1 } x 100"]
[" ou seja, para o valor máximo de 12,40%, o valor a ser aplicado na composição dos preços será:"]
[" DF' = { [ 1 / ( 1 - 0,1425 ) ] - 1 } x 100"]
[" DF' =0,1416  ou  14,16%"]
["Observação 2: Para empresas sob regime cumulativo o valor do PIS/COFINS é de 8,65"]

{"sheet":"TÉCNICO AGRÍCOLA","index":8,"n_rows":144,"n_cols":7,"rows_kept":144,"cut":false,"hidden":false,"merged":[[141,1,141,4],[141,5,141,6],[142,1,142,4],[142,5,142,6],[143,1,143,4],[143,5,143,6],[132,0,132,1],[133,0,133,1],[135,0,135,5],[137,0,137,6],[139,0,139,6],[140,1,140,4],[140,5,140,6],[126,1,126,4],[126,5,126,6],[127,0,127,4],[127,5,127,6],[129,0,129,6],[131,0,131,1],[123,1,123,4],[123,5,123,6],[124,1,124,4],[124,5,124,6],[125,1,125,4],[125,5,125,6],[120,0,120,4],[120,5,120,6],[121,1,121,4],[121,5,121,6],[122,1,122,4],[122,5,122,6],[112,1,112,4],[113,1,113,4],[114,1,114,4],[115,1,115,4],[116,0,116,4],[118,0,118,6],[104,1,104,4],[105,0,105,4],[107,0,107,6],[109,1,109,4],[110,1,110,4],[111,1,111,4],[96,0,96,4],[98,0,98,6],[100,1,100,4],[101,1,101,4],[102,1,102,4],[103,1,103,4],[88,1,88,4],[89,0,89,4],[91,0,91,6],[93,1,93,4],[94,1,94,4],[95,1,95,4],[81,0,81,6],[83,1,83,4],[84,1,84,4],[85,1,85,4],[86,1,86,4],[87,1,87,4],[74,1,74,4],[75,1,75,4],[76,1,76,4],[77,1,77,4],[78,1,78,4],[79,0,79,4],[66,1,66,4],[67,0,67,4],[69,0,69,6],[71,1,71,4],[72,1,72,4],[73,1,73,4],[60,1,60,4],[61,1,61,4],[62,1,62,4],[63,1,63,4],[64,1,64,4],[65,1,65,4],[52,0,52,4],[52,5,52,6],[54,0,54,6],[56,0,56,6],[58,1,58,4],[59,1,59,4],[49,1,49,4],[49,5,49,6],[50,1,50,4],[50,5,50,6],[51,1,51,4],[51,5,51,6],[44,0,44,4],[44,5,44,6],[46,0,46,6],[47,1,47,4],[47,5,47,6],[48,1,48,4],[48,5,48,6],[41,1,41,4],[41,5,41,6],[42,1,42,4],[42,5,42,6],[43,1,43,4],[43,5,43,6],[38,1,38,4],[38,5,38,6],[39,1,39,4],[39,5,39,6],[40,1,40,4],[40,5,40,6],[33,0,33,4],[33,5,33,6],[35,0,35,6],[36,1,36,4],[36,5,36,6],[37,1,37,4],[37,5,37,6],[30,1,30,4],[30,5,30,6],[31,1,31,4],[31,5,31,6],[32,1,32,4],[32,5,32,6],[25,1,25,4],[25,5,25,6],[27,0,27,6],[28,1,28,4],[28,5,28,6],[29,1,29,4],[29,5,29,6],[22,1,22,4],[22,5,22,6],[23,1,23,4],[23,5,23,6],[24,1,24,4],[24,5,24,6],[17,1,17,2],[17,3,17,4],[17,5,17,6],[19,0,19,6],[20,0,20,6],[21,0,21,6],[13,1,13,4],[13,5,13,6],[14,1,14,4],[14,5,14,6],[16,0,16,2],[16,3,16,4],[16,5,16,6],[5,0,5,6],[7,0,9,6],[11,1,11,4],[11,5,11,6],[12,1,12,4],[12,5,12,6],[0,0,0,6],[1,0,1,6],[3,0,3,3],[3,4,3,6],[4,0,4,3],[4,4,4,6]]}
["ANEXO III"]
["PLANILHA DE CUSTOS E FORMAÇÃO DE PREÇOS"]
[]
["Nº Processo",null,null,null,"59540."]
["Licitação Nº"]
["Dia ___/___/___ às ___:___ horas"]
[]
["Contratação de empresa para prestação de serviços de supervisão e acompanhamento das ações desenvolvidas pela 4ª Superintendência Regional da CODEVASF, com recursos oriundos de emendas parlamentares e Termos de Execução Descentralizada, na sua área de atuação.."]
[]
[]
[]
["A","Data de apresentação da proposta (dia/mês/ano) "]
["B","Município/UF",null,null,null,"Aracaju-SE"]
["C","Ano Acordo, Convenção ou Sentença Normativa em Dissídio Coletivo"]
["D","Nº de meses de execução contratual",null,null,null,12]
[]
["Tipo de Seviço",null,null,"Unidade de medida",null,"Quantidade total a contratar"]
["I","Técnico Agrícola",null,1,null,4]
[]
["Anexo III - A - Mão-de Obra"]
["Mão-de-obra vincula à execução contratual"]
["Dados complementares para composição dos custos referente à mão-de-obra"]
[1,"Tipo de serviço",null,null,null,"ATER"]
[2,"Salário sem encargos - conforme pesquisa na página www.salario.com.br",null,null,null,2434.7600000000002]
[3,"Categoria profissional",null,null,null,"Técnico Agrícola"]
[4,"Data-base da categoria"]
[]
["MÓDULO 1 : COMPOSIÇÃO DA REMUNERAÇÃO"]
[1,"Composição da remuneração",null,null,null,"Valor (R$)"]
["A","Salário Base",null,null,null,{"$f":"F24","v":2434.7600000000002}]
["B","Risco Profissional (30%)",null,null,null,0]
["C","Produtividade (6%)",null,null,null,0]
["D","Adicional Noturno (25%)",null,null,null,0]
["Total da Remuneração",{"$nulls":4},{"$f":"SUM(F30:G33)","v":2434.7600000000002}]
[]
["MÓDULO 2 : BENEFÍCIOS MENSAIS E DIÁRIOS"]
[2,"Benefícios mensais e diários",null,null,null,"Valor (R$)"]
["A","Transporte (SINAPI 40861)",null,null,null,133.56]
["B","Auxílio alimentação (SINAPI 40862)",null,null,null,351.08]
["C","Assistência médica e familiar ",null,null,null,0]
["D","Auxílio creche",null,null,null,0]
["E","Seguro de vida, invalidez e funeral (SINAPI 40864)",null,null,null,11.13]
["F","Exames (SINAPI 40863) ",null,null,null,103.7]
["G","Intervalo Intrajornada (Alterado pelo Art. 71 da Lei 13.467)",null,null,null,0]
["Total de benefícios mensais e diários",{"$nulls":4},{"$f":"SUM(F38:G44)","v":599.47}]
[]
["MÓDULO 3 : INSUMOS DIVERSOS"]
[3,"Insumos Diversos",null,null,null,"Valor (R$)"]
["A","Bota (SINAPI 36145) (2 pares/ano)",null,null,null,{"$f":"(25.92*2)/12","v":4.32}]
["B","Fardamento (03132/ORSE) (3 kits x R$ 71,34/12)",null,null,null,{"$f":"(3*71.34)/12","v":17.835000000000001}]
["C","Creme de proteção solar FPS 30 (SINAPI 36146) 2L/ano",null,null,null,{"$f":"153/12","v":12.75}]
[]
["Total de insumos diversos",{"$nulls":4},{"$f":"SUM(F49:G52)","v":34.905000000000001}]
[]
["MÓDULO 4: ENCARGOS SOCIAIS E TRABALHISTAS"]
[]
["Submódulo 4.1 - Encargos previdenciários e FGTS"]
[]
["4.1","Encargos Previdenciários e FGTS (GRUPO A)",null,null,null,"%","Valor (R$)"]
["A","INSS",null,null,null,0.2,{"$f":"ROUND((F34*F60),2)","v":486.95}]
["B","SESI/SESC",null,null,null,1.4999999999999999E-2,{"$f":"F34*0.015","v":36.5214}]
["C","SENAI/SENAC",null,null,null,0.01,{"$f":"F34*0.01","v":24.347600000000003}]
["D","INCRA",null,null,null,2E-3,{"$f":"F34*0.002","v":4.8695200000000005}]
["E","Salário Educação",null,null,null,2.5000000000000001E-2,{"$f":"F34*0.025","v":60.869000000000007}]
["F","FGTS",null,null,null,0.08,{"$f":"F34*0.08","v":194.78080000000003}]
["G","Seguro acidente de trabalho",null,null,null,0.03,{"$f":"F34*0.03","v":73.0428}]
["H","SEBRAE",null,null,null,6.0000000000000001E-3,{"$f":"F34*0.006","v":14.608560000000002}]
["TOTAL",{"$nulls":4},{"$f":"SUM(F60:F67)","v":0.3680000000000001},{"$f":"SUM(G60:G67)","v":895.98968000000002}]
[]
["Submódulo 4.2 - 13º Salário e Adicional de Férias"]
[]
["4.2","13º Salário e Adicional de Férias (GRUPO B)",null,null,null,"%","Valor (R$)"]
["A","13º Salário ",null,null,null,8.3299999999999999E-2,{"$f":"$F$34*F73","v":202.81550800000002}]
["B","Férias gozadas",null,null,null,9.8199999999999996E-2,{"$f":"($F$34*F74)","v":239.09343200000001}]
["C","Auxílio enfermidade",null,null,null,6.8999999999999999E-3,{"$f":"$F$34*F75","v":16.799844}]
["D","Licença paternidade",null,null,null,5.9999999999999995E-4,{"$f":"$F$34*F76","v":1.4608559999999999}]
["E","Faltas justificadas",null,null,null,5.5999999999999999E-3,{"$f":"$F$34*F77","v":13.634656000000001}]
["F","Auxílio acidente de trabalho",null,null,null,8.9999999999999998E-4,{"$f":"$F$34*F78","v":2.191284}]
["G","Salário maternidade",null,null,null,2.9999999999999997E-4,{"$f":"$F$34*F79","v":0.73042799999999997}]
["TOTAL",{"$nulls":4},{"$f":"SUM(F73:F79)","v":0.19579999999999997},{"$f":"SUM(G73:G79)","v":476.72600800000004}]
[]
["Submódulo 4.3 - Provisão para Rescisão"]
[]
["4.3","Provisão para Rescisão (GRUPO C)",null,null,null,"%","Valor (R$)"]
["A","Aviso prévio indenizado ",null,null,null,2.9899999999999999E-2,{"$f":"$F$34*F85","v":72.799323999999999}]
["B","Aviso prévio trabalhado ",null,null,null,6.9999999999999999E-4,{"$f":"$F$34*F86","v":1.7043320000000002}]
["C","Férias indenizadas",null,null,null,1.01E-2,{"$f":"$F$34*F87","v":24.591076000000001}]
["D","Depósito rescisão sem justa causa",null,null,null,2.9600000000000001E-2,{"$f":"$F$34*F88","v":72.068896000000009}]
["E","Indenização adicional",null,null,null,2.5000000000000001E-3,{"$f":"$F$34*F89","v":6.0869000000000009}]
["TOTAL",{"$nulls":4},{"$f":"SUM(F85:F89)","v":7.2800000000000004E-2},{"$f":"SUM(G85:G89)","v":177.25052800000003}]
[]
["Submódulo 4.4 - GRUPO D"]
[]
["4.4","GRUPO D",null,null,null,"%","Valor (R$)"]
["A","Reincidência do Grupo A sobre o Grupo B",null,null,null,7.2099999999999997E-2,{"$f":"F34*F95","v":175.54619600000001}]
["B","Reincidência do Grupo A sobre Aviso Prévio Trabalhado e Reincidência do FGTS sobre o Aviso Prévio Indenizado",null,null,null,2.5999999999999999E-3,{"$f":"F34*F96","v":6.3303760000000002}]
["TOTAL",{"$nulls":4},{"$f":"SUM(F95:F96)","v":7.4700000000000003E-2},{"$f":"SUM(G95:G96)","v":181.87657200000001}]
[]
["Quadro - resumo - Módulo 4 - Encargos sociais e trabalhistas"]
[]
[4,"Módulo 4 - Encargos sociais e trabalhistas",null,null,null,"%","Valor (R$)"]
["4.1","Encargos Previdenciários e FGTS (GRUPO A)",null,null,null,{"$f":"F68","v":0.3680000000000001},{"$f":"F34*F102","v":895.99168000000031}]
["4.2","13º Salário e Adicional de Férias (GRUPO B)",null,null,null,{"$f":"F80","v":0.19579999999999997},{"$f":"F34*F103","v":476.72600799999998}]
["4.3","Provisão para Rescisão (GRUPO C)",null,null,null,{"$f":"F90","v":7.2800000000000004E-2},{"$f":"F104*F34","v":177.25052800000003}]
["4.4","GRUPO D",null,null,null,{"$f":"F97","v":7.4700000000000003E-2},{"$f":"F105*F34","v":181.87657200000001}]
["TOTAL",{"$nulls":4},{"$f":"SUM(F102:F105)","v":0.71130000000000004},{"$f":"SUM(G102:G105)","v":1731.8447880000003}]
[]
["MÓDULO 5 - CUSTOS INDIRETOS, TRIBUTOS E LUCRO"]
[]
[5,"Custos Indiretos, Tributos e Lucro",null,null,null,"%","Valor (R$)"]
["A","Custos Indiretos - Despesas Administrativas",null,null,null,0.1,{"$f":"ROUND((F126*0.1),2)","v":480.1}]
["B","Tributos",null,null,null,0.1416,{"$f":"ROUND(SUM(G113:G115),2)","v":822.58}]
[null,"B.1 Tributos Federais ((PIS: 1,32%) (COFINS: 6,08%)",null,null,null,8.4500000000000006E-2,{"$f":"ROUND((F113*(F126+G111+G116)),2)","v":490.88}]
[null,"B.2 Tributos Estaduais",null,null,null,"0,00%",0]
[null,"B.3 Tributos Municipais (ISS: 5,00%)",null,null,null,5.7099999999999998E-2,{"$f":"ROUND((F115*(F126+G111+G116)),2)","v":331.7}]
["C","Lucro",null,null,null,0.1,{"$f":"ROUND(((G111+F126)*0.1),2)","v":528.11}]
["TOTAL",{"$nulls":4},"21,67%",{"$f":"ROUND((G111+G112+G116),2)","v":1830.79}]
[]
["Anexo III - B - Quadro-resumo do Custo por Empregado"]
[]
["Mão-de-obra vinculada à execução contratual (valor por empregado)",{"$nulls":4},"Valor (R$)"]
["A","Módulo 1 – Composição da Remuneração",null,null,null,{"$f":"F34","v":2434.7600000000002}]
["B","Módulo 2 – Benefícios Mensais e Diários",null,null,null,{"$f":"F45","v":599.47}]
["C","Módulo 3 – Insumos Diversos (uniformes, materiais, equip. e outros)",null,null,null,{"$f":"F53","v":34.905000000000001}]
["D","Módulo 4 – Encargos Sociais e Trabalhistas",null,null,null,{"$f":"G106","v":1731.8447880000003}]
[null,"Subtotal (A + B +C+ D)",null,null,null,{"$f":"SUM(F122:G125)","v":4800.9797880000006}]
["E","Módulo 5 – Custos indiretos, tributos e lucro",null,null,null,{"$f":"G117","v":1830.79}]
["Valor total por empregado",{"$nulls":4},{"$f":"F127+F126","v":6631.7697880000005}]
[]
["Anexo III - C - Quadro-resumo - VALOR MENSAL DOS SERVIÇOS"]
[]
["Tipo de",null,"Valor proposto ","Qtde de  ","Valor proposto","Qtde total de ","Valor total"]
["Serviço",null,"por ","empregados","por posto","empregados","do serviço"]
["(A)",null,"empregado (B)",null,"(D) = (B x C)","(E)","(F) = (D x E)"]
["I","Téc. Agrícola",{"$f":"F128","v":6631.7697880000005},4,{"$f":"C135","v":6631.7697880000005},4,{"$f":"ROUND((E135*F135),2)","v":26527.08}]
["Valor Mensal dos serviços",{"$nulls":5},{"$f":"G135","v":26527.08}]
[]
["Anexo III - D - Quadro - demonstrativo - VALOR GLOBAL DA PROPOSTA"]
[]
["Valor Global da Proposta"]
[null,"Descrição",null,null,null,"Valor (R$)"]
["A","Valor proposto por unidade de medida",null,null,null,{"$f":"E135","v":6631.7697880000005}]
["B","Valor mensal do serviço",null,null,null,{"$f":"G136","v":26527.08}]
["C","Valor global da proposta",null,null,null,{"$f":"ROUND((F143*12),2)","v":318324.96000000002}]